[Event "British Chess Championships 2023: AM Tournament U1600"]
[Site "De Montfort University, 20 Western Boulevard, Leicester, LE2 7BU"]
[Date "2023.07.26"]
[Round "3"]
[Board "5"]
[White "Fraser, Chris A"]
[Black "Joseph, Tomy"]
[Result "1-0"]
[WhiteElo "1508"]
[BlackElo "1549"]
[PlyCount "65"]
[EventDate "2023.07.24"]
[EventRounds "6"]
[EventCountry "ENG"]

1. e4 g6 2. Nc3 Bg7 3. d4 d6 4. Be3 Nf6 5. Qd2 O-O 6. f3 c6 7. Bh6 b5 8. Bxg7 Kxg7
9. h4 e5 10. O-O-O Qa5 11. Kb1 b4 12. Nce2 Be6 13. Nc1 Rd8 14. g4 exd4 15. Qxd4 c5
16. Qe3 c4 17. h5 gxh5 18. gxh5 c3 19. b3 Nc6 20. Nd3 Ne5 21. Qg5+ Kf8 22. Qxf6 Nxd3
23. Bxd3 Qa3 24. Qh6+ Ke7 25. Qc1 Qa5 26. Nh3 f6 27. Nf4 Bf7 28. Nd5+ Bxd5 29. exd5
Rh8 30. Qe3+ Kd8 31. Rde1 Qc7 32. Bb5 Rf8 33. Qe8+  1-0

[Event "British Chess Championships 2023: AM Tournament U1600"]
[Site "De Montfort University, 20 Western Boulevard, Leicester, LE2 7BU"]
[Date "2023.07.26"]
[Round "3"]
[Board "6"]
[White "Chu, Yin"]
[Black "Jardine, Kenneth"]
[Result "0-1"]
[WhiteElo "1462"]
[BlackElo "1537"]
[PlyCount "102"]
[EventDate "2023.07.24"]
[EventRounds "6"]
[EventCountry "ENG"]

1. d4 e6 2. c4 d5 3. Nc3 Nf6 4. Bf4 a6 5. e3 c5 6. Nf3 Nc6 7. Bg5 Qb6 8. Qc1 cxd4
9. Bxf6 gxf6 10. cxd5 dxc3 11. Rb1 cxb2 12. Rxb2 Qa5+ 13. Nd2 Qxd5 14. Qc4 Qxc4 15.
Bxc4 b5 16. Be2 Ba3 17. Rc2 Ne5 18. O-O Rg8 19. Ne4 Nd7 20. Rd1 Bb7 21. Bf3 Bd5 22.
Kh1 f5 23. Nd2 Bxf3 24. Nxf3 Ke7 25. Rc7 Bd6 26. Rc6 Bb8 27. h4 Rd8 28. Ng5 h6 29.
Nf3 Ra7 30. g3 Ne5 31. Rxd8 Kxd8 32. Nxe5 Bxe5 33. Rc5 Bd6 34. Rc2 a5 35. Kg2 b4
36. f3 a4 37. g4 Rc7 38. Rd2 Ke7 39. g5 h5 40. Kf2 b3 41. axb3 axb3 42. Ke2 Ba3 43.
Rd1 b2 44. Rb1 Rc1 45. Rxb2 Bxb2 46. Kd2 Kd6 47. f4 Kd5 48. Kd3 Rc3+ 49. Kd2 Ke4
50. Kd1 Kxe3 51. g6 Rc1#  0-1

[Event "British Chess Championships 2023: AM Tournament U1600"]
[Site "De Montfort University, 20 Western Boulevard, Leicester, LE2 7BU"]
[Date "2023.07.26"]
[Round "3"]
[Board "7"]
[White "Chadwick, Susan E"]
[Black "Vyas, Rayaan"]
[Result "0-1"]
[WhiteElo "1455"]
[BlackElo "1213"]
[PlyCount "82"]
[EventDate "2023.07.24"]
[EventRounds "6"]
[EventCountry "ENG"]

1. d4 Nf6 2. Nf3 g6 3. e3 Bg7 4. c4 d6 5. Be2 O-O 6. O-O Nc6 7. Nc3 e5 8. dxe5 Nxe5
9. h3 Be6 10. Nd4 Bxc4 11. Bxc4 Nxc4 12. b3 Nb6 13. Bb2 Nfd5 14. Rc1 Qe7 15. Qf3
c6 16. Rfe1 Qf6 17. Qxf6 Nxf6 18. Ba3 Rfd8 19. Red1 a5 20. Nf3 Nbd5 21. Bb2 Nxc3
22. Bxc3 Nd5 23. Bxg7 Kxg7 24. a3 Ra6 25. Nd4 Rb6 26. a4 Nf6 27. Kf1 Ne4 28. Rd3
Re8 29. Kg1 Re5 30. f3 Ng3 31. Kf2 Nf5 32. Nxf5+ Rxf5 33. Rcc3 d5 34. Rc5 Ra6 35.
Rdc3 Kf6 36. g4 Re5 37. f4 Re4 38. Kf3 Rb4 39. h4 Rab6 40. Rxa5 Rxb3 41. Rxb3 Rxb3
 0-1

[Event "British Chess Championships 2023: AM Tournament U1600"]
[Site "De Montfort University, 20 Western Boulevard, Leicester, LE2 7BU"]
[Date "2023.07.26"]
[Round "3"]
[Board "8"]
[White "Revitt, Ian"]
[Black "Miles, Barry S"]
[Result "1/2-1/2"]
[WhiteElo "1417"]
[BlackElo "1407"]
[PlyCount "90"]
[EventDate "2023.07.24"]
[EventRounds "6"]
[EventCountry "ENG"]

1. e4 c5 2. Nc3 e6 3. Nf3 Nc6 4. a3 Qc7 5. Bc4 Nf6 6. O-O Be7 7. d3 O-O 8. Ne2 d5
9. exd5 exd5 10. Bf4 Bd6 11. Bxd6 Qxd6 12. Ba2 h6 13. Qd2 Be6 14. Rae1 Rfe8 15. Qf4
Rad8 16. Qxd6 Rxd6 17. Nf4 b6 18. c3 b5 19. Re2 g5 20. Nxe6 Rdxe6 21. Rxe6 Rxe6 22.
Re1 Rxe1+ 23. Nxe1 c4 24. d4 Ne4 25. Bb1 Nd6 26. Bc2 f5 27. f3 Kf7 28. h3 Kf6 29.
Kf2 a5 30. g4 Ne7 31. Ke3 f4+ 32. Kd2 Nc6 33. Bd1 b4 34. axb4 axb4 35. Ba4 bxc3+
36. Kxc3 Ne7 37. b3 cxb3 38. Kxb3 Nc4 39. Kc3 Ne3 40. Kd3 Nf1 41. Ng2 Ng3 42. h4
h5 43. hxg5+ Kxg5 44. gxh5 Nxh5 45. Bd7 Ng6  1/2-1/2

[Event "British Chess Championships 2023: AM Tournament U1600"]
[Site "De Montfort University, 20 Western Boulevard, Leicester, LE2 7BU"]
[Date "2023.07.26"]
[Round "3"]
[Board "9"]
[White "Brown, Stephanie"]
[Black "Hodges, John"]
[Result "1-0"]
[WhiteElo "1406"]
[BlackElo "1352"]
[PlyCount "87"]
[EventDate "2023.07.24"]
[EventRounds "6"]
[EventCountry "ENG"]

1. d4 d5 2. c4 c6 3. Nc3 e6 4. Nf3 Nf6 5. Bg5 Nbd7 6. Qc2 h6 7. Bxf6 Nxf6 8. e3 Bd6
9. c5 Be7 10. Bd3 O-O 11. O-O Qc7 12. Rfe1 Kh8 13. e4 dxe4 14. Nxe4 Nd5 15. a3 Rb8
16. Re2 Nf4 17. Re3 Nxd3 18. Qxd3 b6 19. Rb1 bxc5 20. Nxc5 Bxc5 21. dxc5 Rd8 22.
Qc3 Bb7 23. Ne5 Kg8 24. b4 Ba8 25. Rbe1 Rd5 26. Rg3 Rbd8 27. Nxc6 f6 28. Nxd8 Qxd8
29. Qe3 Re5 30. Qc1 Rxe1+ 31. Qxe1 Qd5 32. h3 g5 33. f4 Kf7 34. fxg5 hxg5 35. Qf2
Qd1+ 36. Kh2 Qh5 37. Qd2 Bd5 38. Qf2 Qh4 39. Qe3 a6 40. Rg4 Qh5 41. Qf2 f5 42. a4
Qg6 43. h4 Qh5 44. Rxg5  1-0

[Event "British Chess Championships 2023: AM Tournament U1600"]
[Site "De Montfort University, 20 Western Boulevard, Leicester, LE2 7BU"]
[Date "2023.07.26"]
[Round "3"]
[Board "10"]
[White "Walsh, Shaun"]
[Black "Dunne, David C"]
[Result "0-1"]
[WhiteElo "1323"]
[BlackElo "1448"]
[PlyCount "92"]
[EventDate "2023.07.24"]
[EventRounds "6"]
[EventCountry "ENG"]

1. e4 e5 2. Nf3 Nc6 3. Bb5 a6 4. Ba4 Nf6 5. Qe2 b5 6. Bb3 Be7 7. c3 O-O 8. O-O d6
9. Rd1 h6 10. d4 Bg4 11. d5 Na5 12. Bc2 c5 13. Be3 Nc4 14. b3 Nxe3 15. Qxe3 Nh7 16.
Nbd2 Bg5 17. Nxg5 Bxd1 18. Nxh7 Bxc2 19. Nxf8 Qxf8 20. Rc1 Bxe4 21. Nxe4 f5 22. Nd2
Qf7 23. c4 b4 24. Ra1 Re8 25. a3 a5 26. axb4 axb4 27. Ra6 Qg6 28. Qg3 Qf6 29. Nf3
f4 30. Qg4 e4 31. Qd7 Kf8 32. Ne1 Qc3 33. Qxd6+ Kg8 34. Kf1 Qxb3 35. Qg6 Qxc4+ 36.
Kg1 Rf8 37. Qe6+ Kh8 38. Ra7 Qe2 39. h3 Qxe1+ 40. Kh2 Qxf2 41. Qe7 Qg3+ 42. Kg1 Qe3+
43. Kh2 Rg8 44. d6 Qg3+ 45. Kg1 f3 46. d7 Qxg2#  0-1

[Event "British Chess Championships 2023: AM Tournament U1600"]
[Site "De Montfort University, 20 Western Boulevard, Leicester, LE2 7BU"]
[Date "2023.07.27"]
[Round "4"]
[Board "1"]
[White "Finlay, Liam"]
[Black "Mathur, Vihaan"]
[Result "0-1"]
[WhiteElo "1256"]
[BlackElo "1601"]
[PlyCount "81"]
[EventDate "2023.07.24"]
[EventRounds "6"]
[EventCountry "ENG"]

1. e4 e5 2. Nc3 Nf6 3. f4 d6 4. Nf3 Bg4 5. f5 Bxf3 6. Qxf3 c6 7. Be2 d5 8. exd5 cxd5
9. Bb5+ Nc6 10. d3 h6 11. O-O a6 12. Ba4 b5 13. Bb3 Bc5+ 14. Kh1 Ne7 15. Qg3 Qd6
16. Re1 Bd4 17. Ne2 Nxf5 18. Qf3 Qd7 19. Nxd4 Nxd4 20. Rxe5+ Kf8 21. Qf4 Ne6 22.
Qf5 Rd8 23. Be3 Qd6 24. Rf1 Rd7 25. c3 Kg8 26. d4 h5 27. h3 Ne4 28. Bf4 g6 29. Rxe6
Qxe6 30. Qxe6 fxe6 31. Be5 Rhh7 32. Bc2 Rhf7 33. Re1 Rf2 34. Bxe4 dxe4 35. Rxe4 Rxb2
36. Bf4 Kf7 37. Bg5 Rxa2 38. Rf4+ Kg7 39. Rf6 Re2 40. Kh2 Rf7 41. Bh6+  0-1

[Event "British Chess Championships 2023: AM Tournament U1600"]
[Site "De Montfort University, 20 Western Boulevard, Leicester, LE2 7BU"]
[Date "2023.07.27"]
[Round "4"]
[Board "2"]
[White "Mehrgan, Mehrsam"]
[Black "Boztas, Lana"]
[Result "1-0"]
[WhiteElo "1118"]
[BlackElo "1481"]
[PlyCount "59"]
[EventDate "2023.07.24"]
[EventRounds "6"]
[EventCountry "ENG"]

1. Nf3 c5 2. c3 Nc6 3. d4 cxd4 4. cxd4 d5 5. Bf4 g6 6. Nc3 Bg7 7. e3 Nf6 8. Bd3 O-O
9. O-O Nh5 10. Bg5 h6 11. Bh4 a6 12. a3 Nf6 13. h3 e6 14. Ne5 g5 15. Bg3 Nd7 16.
Nxd7 Qxd7 17. Na4 Qd8 18. Rc1 Bd7 19. Nc5 Rb8 20. Bxb8 Qxb8 21. Nxd7 Qd6 22. Nxf8
Kxf8 23. Qf3 Ke7 24. Qg3 e5 25. Rfe1 Qd7 26. Qg4 Qd6 27. f4 e4 28. Bb1 f6 29. fxg5
hxg5 30. Qc8  1-0

[Event "British Chess Championships 2023: AM Tournament U1600"]
[Site "De Montfort University, 20 Western Boulevard, Leicester, LE2 7BU"]
[Date "2023.07.27"]
[Round "4"]
[Board "3"]
[White "Pride, Stephen C"]
[Black "Jardine, Kenneth"]
[Result "1/2-1/2"]
[WhiteElo "1584"]
[BlackElo "1537"]
[PlyCount "87"]
[EventDate "2023.07.24"]
[EventRounds "6"]
[EventCountry "ENG"]

1. d4 e6 2. Bf4 d5 3. e3 c5 4. Nc3 a6 5. Nf3 Nc6 6. Be2 Qb6 7. Na4 Qa5+ 8. c3 c4
9. O-O Bd7 10. b3 b5 11. Nb2 Qxc3 12. Qb1 cxb3 13. axb3 Qxb3 14. Rc1 a5 15. Rc2 a4
16. Qc1 Rc8 17. Nd2 Qb4 18. Nd3 Qa5 19. Ne5 Nge7 20. Nb3 Qb6 21. Nc5 Nxe5 22. Bxe5
Nc6 23. Nxd7 Kxd7 24. h3 f6 25. Bg3 Be7 26. Rb1 b4 27. Qd2 Ra8 28. Rbc1 Rhc8 29.
Bd3 b3 30. Rxc6 Rxc6 31. Rxc6 Qxc6 32. Qe2 Rb8 33. Bxb8 Qc1+ 34. Kh2 a3 35. Ba6 Kd8
36. Qb5 b2 37. Qb6+ Ke8 38. Bb5+ Kf8 39. Bd6 Bxd6+ 40. Qxd6+ Kf7 41. Bd7 b1=Q 42.
Bxe6+ Kg6 43. Qg3+ Kh6 44. Qh4+  1/2-1/2

[Event "British Chess Championships 2023: AM Tournament U1600"]
[Site "De Montfort University, 20 Western Boulevard, Leicester, LE2 7BU"]
[Date "2023.07.27"]
[Round "4"]
[Board "4"]
[White "Rattray, Roland"]
[Black "Vyas, Rayaan"]
[Result "0-1"]
[WhiteElo "1555"]
[BlackElo "1213"]
[PlyCount "88"]
[EventDate "2023.07.24"]
[EventRounds "6"]
[EventCountry "ENG"]

1. e4 c5 2. Nf3 d6 3. d4 cxd4 4. Nxd4 Nf6 5. Nc3 g6 6. Bd3 Bg7 7. O-O Nc6 8. Nxc6
bxc6 9. Ne2 O-O 10. Nd4 Qb6 11. Nf3 Be6 12. h3 Nd7 13. c3 Ne5 14. Nxe5 Bxe5 15. Bh6
Bg7 16. Bxg7 Kxg7 17. b3 f5 18. Qe2 Rae8 19. e5 Qc5 20. Qb2 dxe5 21. b4 Qb6 22. c4
Qd4 23. Qb3 e4 24. Be2 f4 25. Rad1 Qf6 26. Bg4 Bxg4 27. hxg4 f3 28. gxf3 exf3 29.
Rd3 Qf4 30. Qc3+ e5 31. Rfd1 Qxg4+ 32. Kf1 Qg2+ 33. Ke1 Qg1+ 34. Kd2 Qxf2+ 35. Kc1
Rf4 36. R3d2 Qh4 37. Rf1 Rxc4 38. Rd7+ Kg8 39. Rxf3 Qe1+ 40. Kb2 Rxc3 41. Rxc3 Rf8
42. Rc2 Qxb4+ 43. Ka1 Rf1+ 44. Rc1 Rxc1#  0-1

[Event "British Chess Championships 2023: AM Tournament U1600"]
[Site "De Montfort University, 20 Western Boulevard, Leicester, LE2 7BU"]
[Date "2023.07.27"]
[Round "4"]
[Board "5"]
[White "Dunne, David C"]
[Black "Tomy, Jake"]
[Result "1-0"]
[WhiteElo "1448"]
[BlackElo "1540"]
[PlyCount "57"]
[EventDate "2023.07.24"]
[EventRounds "6"]
[EventCountry "ENG"]

1. e4 e5 2. Nf3 Nc6 3. Bb5 d6 4. d4 exd4 5. Nxd4 Bd7 6. Nxc6 Bxc6 7. Bxc6+ bxc6 8.
O-O Nf6 9. Qe2 Nd7 10. Nc3 Be7 11. Bf4 O-O 12. Rfd1 Bf6 13. Rab1 Re8 14. Qc4 c5 15.
Nd5 Be5 16. Bxe5 Nxe5 17. Qc3 Ng6 18. f3 c6 19. Ne3 Nf4 20. Rd2 Re6 21. Nf5 Qg5 22.
Ng3 Rh6 23. Rbd1 Qh4 24. Nf5 Qxh2+ 25. Kf1 Rf6 26. g3 Qh3+ 27. Kf2 Nh5 28. Rxd6 Nxg3
29. Rd8+  1-0

[Event "British Chess Championships 2023: AM Tournament U1600"]
[Site "De Montfort University, 20 Western Boulevard, Leicester, LE2 7BU"]
[Date "2023.07.27"]
[Round "4"]
[Board "6"]
[White "Miles, Barry S"]
[Black "Brown, Stephanie"]
[Result "1-0"]
[WhiteElo "1407"]
[BlackElo "1406"]
[PlyCount "65"]
[EventDate "2023.07.24"]
[EventRounds "6"]
[EventCountry "ENG"]

1. d4 e6 2. c4 d5 3. Nc3 Nf6 4. Nf3 Nbd7 5. e3 b6 6. Bd3 dxc4 7. Bxc4 Bb7 8. O-O
Be7 9. Qc2 O-O 10. Bd3 Bxf3 11. gxf3 c6 12. Kh1 Re8 13. Rg1 Nf8 14. Ne2 Nh5 15. Bd2
Bd6 16. Rg2 Qc7 17. e4 e5 18. d5 c5 19. Rag1 Re7 20. Rg5 g6 21. Rxh5 Kh8 22. Rh4
f6 23. Qc1 Rg7 24. Rhg4 Qf7 25. R4g2 Re8 26. Ng3 Rg8 27. Nf5 gxf5 28. Rxg8+ Qxg8
29. Rxg8+ Kxg8 30. Qg1+ Kf7 31. Bh6 Ke7 32. Qg7+ Kd8 33. Qxf6+  1-0

[Event "British Chess Championships 2023: AM Tournament U1600"]
[Site "De Montfort University, 20 Western Boulevard, Leicester, LE2 7BU"]
[Date "2023.07.27"]
[Round "4"]
[Board "7"]
[White "Gilbert, David J"]
[Black "Chadwick, Susan E"]
[Result "0-1"]
[WhiteElo "1603"]
[BlackElo "1455"]
[PlyCount "95"]
[EventDate "2023.07.24"]
[EventRounds "6"]
[EventCountry "ENG"]

1. c4 e5 2. g3 Nf6 3. Bg2 d6 4. Nc3 Nc6 5. Nf3 Be6 6. d3 Be7 7. Rb1 h6 8. b4 Rb8
9. b5 Na5 10. O-O O-O 11. c5 c6 12. b6 axb6 13. cxb6 c5 14. a4 Nc6 15. Nb5 Nd5 16.
Bd2 Nxb6 17. Ne1 Nd7 18. Nc2 Nf6 19. Ne3 Qd7 20. Qc1 Bh3 21. Nc4 Bxg2 22. Kxg2 d5
23. Nb6 Qf5 24. Be3 d4 25. Bd2 Rfd8 26. Qc4 e4 27. Bf4 Ne5 28. Qb3 g5 29. Bxe5 Qxe5
30. Kg1 Nd5 31. Nc4 Qf5 32. Nd2 exd3 33. Qxd3 Qxd3 34. exd3 Nb4 35. Rfe1 Bf8 36.
Rb3 Ra8 37. Ra1 Ra6 38. a5 Re6 39. Kf1 Ra6 40. Nc4 Rb8 41. Nb6 Nc6 42. Nc7 Rxa5 43.
Rxa5 Nxa5 44. Ra3 Nc6 45. Nd7 Rd8 46. Nd5 Bg7 47. N7b6 Ne5 48. Nf6+  0-1

[Event "British Chess Championships 2023: AM Tournament U1600"]
[Site "De Montfort University, 20 Western Boulevard, Leicester, LE2 7BU"]
[Date "2023.07.27"]
[Round "4"]
[Board "8"]
[White "Joseph, Tomy"]
[Black "Chu, Yin"]
[Result "1-0"]
[WhiteElo "1549"]
[BlackElo "1462"]
[PlyCount "71"]
[EventDate "2023.07.24"]
[EventRounds "6"]
[EventCountry "ENG"]

1. e4 e5 2. Nf3 Nc6 3. d4 exd4 4. Nxd4 Bb4+ 5. c3 Bc5 6. Be3 Qf6 7. Bc4 Nxd4 8. cxd4
Bb6 9. O-O Ne7 10. Nc3 d6 11. a4 c6 12. Qd2 h6 13. f4 Qg6 14. Rf3 f5 15. Rg3 Qf6
16. Rd1 d5 17. e5 Qf7 18. Be2 g6 19. Rf1 a5 20. Qd1 Be6 21. Qb3 Nc8 22. Qd1 Bd8 23.
Rxg6 Ne7 24. Rg3 Kd7 25. Bh5 Qf8 26. Qb3 b6 27. Rc1 Bf7 28. Be2 Ke6 29. Qa3 Bc7 30.
Nb5 Bb8 31. Nd6 h5 32. Bf2 Bg6 33. Rgc3 Nc8 34. Nxc8 Qxa3 35. Rxc6+ Kd7 36. Nxb6+
 1-0

[Event "British Chess Championships 2023: AM Tournament U1600"]
[Site "De Montfort University, 20 Western Boulevard, Leicester, LE2 7BU"]
[Date "2023.07.27"]
[Round "4"]
[Board "9"]
[White "Jestico, John V"]
[Black "Revitt, Ian"]
[Result "1/2-1/2"]
[WhiteElo "1466"]
[BlackElo "1417"]
[PlyCount "110"]
[EventDate "2023.07.24"]
[EventRounds "6"]
[EventCountry "ENG"]

1. c4 e5 2. Nc3 Nf6 3. g3 d5 4. Bg2 Be6 5. d3 c6 6. b3 Bb4 7. Bd2 O-O 8. Na4 Be7
9. Nf3 Qc7 10. O-O Nbd7 11. b4 dxc4 12. dxc4 Bxc4 13. Nb2 Bd5 14. a3 Rad8 15. Qc1
Ne4 16. Be3 Bf6 17. Re1 Rc8 18. Qc2 Nd6 19. Rac1 b5 20. Red1 Qb8 21. Nd2 Bxg2 22.
Kxg2 Rfd8 23. f3 Nb6 24. Bc5 Nb7 25. Bxb6 axb6 26. Ne4 Be7 27. Rd3 Rxd3 28. Nxd3
Nd6 29. Nxe5 Nf5 30. Ng4 Nd4 31. Qb2 Rd8 32. e3 f5 33. exd4 fxg4 34. fxg4 Qb7 35.
Qb3+ Kh8 36. Qe3 Qd7 37. Rd1 Qxg4 38. Qf3 Qxf3+ 39. Kxf3 Kg8 40. Kf4 Bf6 41. Nxf6+
gxf6 42. Ke4 Kg7 43. Rc1 Rd6 44. g4 Kg6 45. h4 h6 46. Rf1 Re6+ 47. Kd3 Rd6 48. Rf5
Rd5 49. Rxd5 cxd5 50. Ke3 f5 51. Kf4 fxg4 52. Kxg4 h5+ 53. Kf4 Kf6 54. Kf3 Kf5 55.
Kg3 Ke4  1/2-1/2

[Event "British Chess Championships 2023: AM Tournament U1600"]
[Site "De Montfort University, 20 Western Boulevard, Leicester, LE2 7BU"]
[Date "2023.07.27"]
[Round "4"]
[Board "10"]
[White "Hodges, John"]
[Black "Walsh, Shaun"]
[Result "1/2-1/2"]
[WhiteElo "1352"]
[BlackElo "1323"]
[PlyCount "72"]
[EventDate "2023.07.24"]
[EventRounds "6"]
[EventCountry "ENG"]

1. d4 Nf6 2. Nf3 g6 3. e3 Bg7 4. Bd3 c5 5. O-O cxd4 6. exd4 d5 7. c3 O-O 8. h3 Nc6
9. Nbd2 Bd7 10. Re1 Re8 11. Nf1 Qc8 12. Ng3 a6 13. Bf1 b5 14. Bf4 b4 15. Qd2 bxc3
16. bxc3 Na5 17. Ne5 Bb5 18. Bxb5 axb5 19. f3 Nc4 20. Nxc4 bxc4 21. Rab1 Qa6 22.
Re2 Nd7 23. Kh2 Kf8 24. Bh6 Qa3 25. Bxg7+ Kxg7 26. Rb7 Ra7 27. Rxa7 Qxa7 28. f4 f5
29. Nf1 e6 30. g3 Nf6 31. Kg2 Ne4 32. Qc1 Qa5 33. Rc2 Rb8 34. Ne3 Rb5 35. Kf3 Qb6
36. Qa3 Qb7  1/2-1/2

[Event "British Chess Championships 2023: AM Tournament U1600"]
[Site "De Montfort University, 20 Western Boulevard, Leicester, LE2 7BU"]
[Date "2023.07.28"]
[Round "5"]
[Board "1"]
[White "Mathur, Vihaan"]
[Black "Mehrgan, Mehrsam"]
[Result "1-0"]
[WhiteElo "1601"]
[BlackElo "1118"]
[PlyCount "55"]
[EventDate "2023.07.24"]
[EventRounds "6"]
[EventCountry "ENG"]

1. d4 d5 2. Bf4 c5 3. e3 Bf5 4. Nf3 a6 5. Bd3 Bxd3 6. Qxd3 Nf6 7. Nc3 e6 8. h3 h6
9. O-O Bd6 10. Bxd6 Qxd6 11. e4 Nfd7 12. exd5 cxd4 13. dxe6 fxe6 14. Qg6+ Kf8 15.
Ne4 Qe7 16. Nxd4 e5 17. Rfe1 Nf6 18. Qf5 Nbd7 19. Ne6+ Kf7 20. N4g5+ hxg5 21. Nxg5+
Kg8 22. Nf3 Re8 23. Rad1 e4 24. Nd2 Rh5 25. Qg6 Qe5 26. Nxe4 Nxe4 27. Rxd7 Rg5 28.
Rxg7+  1-0

[Event "British Chess Championships 2023: AM Tournament U1600"]
[Site "De Montfort University, 20 Western Boulevard, Leicester, LE2 7BU"]
[Date "2023.07.28"]
[Round "5"]
[Board "2"]
[White "Vyas, Rayaan"]
[Black "Finlay, Liam"]
[Result "1/2-1/2"]
[WhiteElo "1213"]
[BlackElo "1256"]
[PlyCount "104"]
[EventDate "2023.07.24"]
[EventRounds "6"]
[EventCountry "ENG"]

1. e4 c5 2. c3 d5 3. exd5 Qxd5 4. Nf3 g6 5. Na3 Bg7 6. d4 cxd4 7. Nb5 Na6 8. Nbxd4
Nf6 9. Be3 O-O 10. Qb3 Qd8 11. O-O-O Qa5 12. Nb5 Nc7 13. Rd4 Nxb5 14. Ra4 Qc7 15.
Bxb5 Be6 16. Bc4 Bxc4 17. Qxc4 Qxc4 18. Rxc4 Nd5 19. Bd4 f6 20. Kd2 Rfd8 21. Kc2
e5 22. Be3 Nxe3+ 23. fxe3 Rac8 24. Rxc8 Rxc8 25. Rd1 a6 26. Rd7 b5 27. Rd6 Ra8 28.
Rb6 f5 29. Re6 e4 30. Nd4 Bxd4 31. cxd4 Kf7 32. Re5 Rc8+ 33. Kb3 Kf6 34. Kb4 Rc2
35. a3 Rxb2+ 36. Kc5 Rb3 37. Kd6 Rxe3 38. Re6+ Kg7 39. d5 Rxa3 40. Ke7 Rc3 41. d6
Rc6 42. d7 Rc7 43. Ke8 Rxd7 44. Kxd7 a5 45. Re5 b4 46. Rxa5 e3 47. Re5 f4 48. Rb5
b3 49. Rxb3 Kf6 50. Kd6 Kf5 51. Kd5 Kg4 52. Ke4 g5  1/2-1/2

[Event "British Chess Championships 2023: AM Tournament U1600"]
[Site "De Montfort University, 20 Western Boulevard, Leicester, LE2 7BU"]
[Date "2023.07.28"]
[Round "5"]
[Board "3"]
[White "Boztas, Lana"]
[Black "Pride, Stephen C"]
[Result "0-1"]
[WhiteElo "1481"]
[BlackElo "1584"]
[PlyCount "86"]
[EventDate "2023.07.24"]
[EventRounds "6"]
[EventCountry "ENG"]

1. c4 c6 2. Nc3 Nf6 3. g3 g6 4. Bg2 Bg7 5. Nf3 O-O 6. O-O b6 7. d4 Bb7 8. e4 d6 9.
Re1 d5 10. e5 Ne8 11. cxd5 cxd5 12. Nh4 Nc7 13. Be3 h6 14. Qd2 Kh7 15. f4 e6 16.
Rf1 Ba6 17. Rf2 Nc6 18. Rc1 Ne7 19. g4 Ng8 20. Nf3 Rc8 21. h4 f5 22. exf6 Nxf6 23.
Bh3 Ne4 24. Nxe4 dxe4 25. Ne5 Bxe5 26. fxe5 Nd5 27. Bxh6 Rxc1+ 28. Qxc1 Rxf2 29.
Kxf2 Qxh4+ 30. Kg2 Qxh6 31. g5 Qh4 32. Kh2 Qf4+ 33. Qxf4 Nxf4 34. Kg3 Nxh3 35. Kxh3
Kg7 36. Kg3 e3 37. Kf3 e2 38. Kf2 Kf7 39. a4 Bd3 40. b4 Ke7 41. b5 Kd7 42. Ke1 Kc7
43. Kd2 Kb7  0-1

[Event "British Chess Championships 2023: AM Tournament U1600"]
[Site "De Montfort University, 20 Western Boulevard, Leicester, LE2 7BU"]
[Date "2023.07.28"]
[Round "5"]
[Board "4"]
[White "Jardine, Kenneth"]
[Black "Dunne, David C"]
[Result "0-1"]
[WhiteElo "1537"]
[BlackElo "1448"]
[PlyCount "104"]
[EventDate "2023.07.24"]
[EventRounds "6"]
[EventCountry "ENG"]

1. e4 g6 2. Nf3 Bg7 3. e5 d6 4. d4 dxe5 5. Nxe5 Bxe5 6. dxe5 Qxd1+ 7. Kxd1 Nc6 8.
Bb5 Bd7 9. Bf4 O-O-O 10. Kc1 a6 11. Bc4 e6 12. a4 h6 13. Re1 Nge7 14. c3 g5 15. Bg3
Ng6 16. b4 Nf4 17. Bxf4 gxf4 18. b5 Na5 19. Re4 Nxc4 20. Rxc4 axb5 21. axb5 Bxb5
22. Rxf4 Rdf8 23. Ra8+ Kd7 24. Rxf8 Rxf8 25. Rh4 Rh8 26. g4 Ke7 27. g5 h5 28. Kd2
Rd8+ 29. Ke3 Rd3+ 30. Kf4 Rd1 31. Na3 Be2 32. Ke3 Bg4 33. f3 Bf5 34. Nb5 Rd3+ 35.
Kf4 c6 36. Nd6 Rxc3 37. Nxf5+ exf5 38. Kxf5 Rxf3+ 39. Ke4 Rf2 40. Rxh5 b5 41. Rh6
Re2+ 42. Kd4 Rd2+ 43. Kc5 Rd5+ 44. Kxc6 Rxe5 45. h4 b4 46. Kc7 Re6 47. Rh8 Re4 48.
h5 b3 49. Rb8 Rc4+ 50. Kb6 Rb4+ 51. Ka7 Rxb8 52. Kxb8 b2  0-1

[Event "British Chess Championships 2023: AM Tournament U1600"]
[Site "De Montfort University, 20 Western Boulevard, Leicester, LE2 7BU"]
[Date "2023.07.28"]
[Round "5"]
[Board "5"]
[White "Miles, Barry S"]
[Black "Fraser, Chris A"]
[Result "1/2-1/2"]
[WhiteElo "1407"]
[BlackElo "1508"]
[PlyCount "75"]
[EventDate "2023.07.24"]
[EventRounds "6"]
[EventCountry "ENG"]

1. d4 Nf6 2. c4 e6 3. Nc3 Bb4 4. Bd2 O-O 5. Nf3 b6 6. e3 Bb7 7. Be2 c5 8. O-O Bxc3
9. Bxc3 Ne4 10. Rc1 d5 11. Qc2 Nxc3 12. Qxc3 Nd7 13. Rfd1 Rc8 14. Qe1 Qe7 15. Rd2
cxd4 16. Rxd4 dxc4 17. Rdxc4 Rxc4 18. Rxc4 Nf6 19. Qc1 Rd8 20. Ne5 Qd6 21. Nf3 g6
22. h3 Nd5 23. Rd4 Rc8 24. Qd1 Qc7 25. Rc4 Qe7 26. Rxc8+ Bxc8 27. Nd4 Bb7 28. Qa4
a6 29. Bxa6 Bxa6 30. Qxa6 Qb4 31. Qe2 Nf6 32. a3 Qc5 33. Qc2 Qa5 34. Kf1 Kg7 35.
Ke2 Nd5 36. g3 Nf6 37. Qc3 Qh5+ 38. Nf3  1/2-1/2

[Event "British Chess Championships 2023: AM Tournament U1600"]
[Site "De Montfort University, 20 Western Boulevard, Leicester, LE2 7BU"]
[Date "2023.07.28"]
[Round "5"]
[Board "6"]
[White "Chadwick, Susan E"]
[Black "Rattray, Roland"]
[Result "1-0"]
[WhiteElo "1455"]
[BlackElo "1555"]
[PlyCount "117"]
[EventDate "2023.07.24"]
[EventRounds "6"]
[EventCountry "ENG"]

1. d4 f5 2. e3 Nf6 3. Nf3 e6 4. Bd3 Be7 5. c4 O-O 6. O-O d6 7. Nc3 a6 8. a4 b6 9.
Nb1 Bb7 10. Nbd2 Qe8 11. b4 Qg6 12. Ba3 e5 13. dxe5 dxe5 14. Nh4 Qg5 15. Ndf3 Bxf3
16. Nxf3 Qh6 17. Nxe5 Bd6 18. Nf3 Ng4 19. h3 Ne5 20. Nxe5 Bxe5 21. Rc1 c6 22. Rb1
Rd8 23. Qc2 Nd7 24. Bxf5 Nf6 25. Bb2 Bxb2 26. Rxb2 Rd6 27. Rd1 Rad8 28. Rxd6 Rxd6
29. Rb1 Qh5 30. Bd3 Nd7 31. Rd1 g6 32. Be2 Qe5 33. Rxd6 Qxd6 34. Qd1 Qe7 35. Bg4
Ne5 36. Be2 Kg7 37. b5 a5 38. Qa1 Kg8 39. Qd1 c5 40. Qd5+ Kg7 41. Bg4 h5 42. Bf3
Kh6 43. Qe4 Qd6 44. Be2 Qf6 45. Qf4+ Qxf4 46. exf4 Nf7 47. g4 h4 48. g5+ Kg7 49.
Kg2 Nd6 50. Kf3 Kf7 51. Bd3 Ke7 52. Kg4 Nf7 53. Kxh4 Nd8 54. Kg4 Ne6 55. f5 gxf5+
56. Kxf5 Nd4+ 57. Ke5 Nf3+ 58. Kf4 Ne1 59. Be4  1-0